000 00355nam a22001457a 4500
003 SGT
020 _a-08058-0437-4
082 _a618.92
_bC09K
100 _aKEATING, DANIEL P.
245 _aCONSTRUCTIONIST PERSPECTIVES ON DEVELOPMENTAL
260 _aNEW YORK
_bYP PSYCHOLOGY PRESS
_c2009
300 _a256
650 _aPSYCHOLOGY
942 _2ddc
_cBK
999 _c15047
_d15047